| 000 -ლიდერი |
| ფიქსირებული სიგრძის საკონტროლო ველი |
01239nam a22001937a 4500 |
| 003 - საკონტროლო ნომრის იდენტიფიკატორი |
| საკონტროლო ველი |
Ge_BSU |
| 005 - ბოლო ოპერაციის თარიღი და დრო |
| საკონტროლო ველი |
20251007141521.0 |
| 008 - ფიქსირებული სიგრძის მონაცემთა ელემენტები - ზოგადი ინფორმაცია |
| ფიქსირებული სიგრძის საკონტროლო ველი |
251007s2013 ge ||||| |||| 00| 0 geo d |
| 020 ## - წიგნის საერთაშორისო სტანდარტული ნომერი |
| International Standard Book Number |
9789941199554 |
| 041 ## - ენის კოდი |
| Language code of text/sound track or separate title |
geo |
| 080 ## - უნივერსალური ათობითი კლასიფიკაციის ინდექსი |
| Universal Decimal Classification number |
61(031) უ-47 |
| 245 ## - ცნობა სათაურის შესახებ |
| Title |
უნივერსალური სამედიცინო ენციკლოპედია : |
| Remainder of title |
ადამიანის სხეულის ანატომია, ორგანოთა სისტემები, დაავადებების სიმპტომები, მკურნალობა, პრევენცია / |
| Statement of responsibility, etc |
მთ. რედ. ნინო დეკანოსიძე; მთარგმნ.: თამარ ხუჭუა, აკაკი ბარკალაია. |
| 264 ## - წარმოების, გამოცემის, დისტრიბუციის და სხვა ცნობები |
| გამოცემის, წარმოების, დისტრიბუციის... ადგილი |
თბილისი : |
| გამოცემის, წარმოების, დისტრიბუციის... სახელწოდება |
პალიტრა L, |
| გამოცემის, წარმოების, დისტრიბუციის... თარიღი |
2013. |
| 300 ## - ფიზიკური აღწერა |
| Extent |
608 გვ. ; |
| Other physical details |
25 სმ. |
| 700 ## - ADDED ENTRY--PERSONAL NAME |
| Personal name |
დეკანოსიძე, ნინო |
| Relator term |
მთ. რედაქტორი |
| 9 (RLIN) |
15790 |
| 700 ## - ADDED ENTRY--PERSONAL NAME |
| Personal name |
ხუჭუა, თამარ |
| Relator term |
მთარგმნელი |
| 9 (RLIN) |
24606 |
| 700 ## - ADDED ENTRY--PERSONAL NAME |
| Personal name |
ბარკალაია, აკაკი |
| Relator term |
მთარგმნელი |
| 9 (RLIN) |
24607 |
| 942 ## - ADDED ENTRY ELEMENTS (KOHA) |
| Source of classification or shelving scheme |
|
| Koha item type |
წიგნი |